| 000 | 00404nam a2200157 i 4500 | ||
|---|---|---|---|
| 001 | 23754 | ||
| 003 | ES-MaACL | ||
| 005 | 20230906152929.0 | ||
| 007 | t| | ||
| 008 | 021212s1963 sp ||||1| spa d | ||
| 100 | 1 |
_aAmestoy, Alfredo. _921209 |
|
| 245 | 1 | 3 |
_aEl reportero / _cAlfredo Amestoy. |
| 260 |
_a[Madrid] : _bReal, _c[1963] |
||
| 300 |
_a205 p. ; _c20 cm. |
||
| 852 |
_aES-MaACL _jC-23322 _bR.51989 |
||
| 999 |
_c23754 _d23754 |
||